00789nam a2200217 a 450000100100000000500170001000800410002702000150006804000250008308200190010810000460012724501430017326000330031630000170034949000100036660000750037665000240045165000480047565000380052383000100056100001298320200929163119.0091118s1999 gt 001 f spa d a999226702X aDO-SdBNPbspacBNPHU aG863.44bS161h1 aSalazar de León, José Oswaldo,d1959-10aHistoria moderna de la etnicidad en Guatemala. la visión hegemónica :bBernal Díaz del Castillo /cJosé Oswaldo Salazar de León. aGuatemala :bCultura,c1999. a76 ;c21 cm.1 aIDIES10aDÍAZ DEL CASTILLO, BERNAL,d1492-1581?xCRÍTICA E INTERPRETACIÓN 4aNovela guatemalteca 4aLiteratura indígenaxHistoria y crítica 4aLiteratura guatemaltecaySIGLO XX 0aIDIES